00482nam a2200085Ia 4500008004100000245001900041300026900060650001600329856005100345170517s9999 xx 000 0 und d aUnder Our Skin aIn the 1970s, a mysterious and deadly illness began infecting children in a small town in Connecticut. Today it's a global epidemic. A real-life thriller, this shocking festival hit exposes the controversy surrounding chronic Lyme disease. Following the stories... xTechnology. uhttp://topdocumentaryfilms.com/under-our-skin/